<?xml version="1.0" encoding="UTF-8"?><?xml-stylesheet type="text/xsl" href="static/style.xsl"?><OAI-PMH xmlns="http://www.openarchives.org/OAI/2.0/" xmlns:xsi="http://www.w3.org/2001/XMLSchema-instance" xsi:schemaLocation="http://www.openarchives.org/OAI/2.0/ http://www.openarchives.org/OAI/2.0/OAI-PMH.xsd"><responseDate>2026-06-30T04:08:07Z</responseDate><request verb="GetRecord" identifier="oai:riubu.ubu.es:10259/7682" metadataPrefix="marc">https://riubu.ubu.es/oai/request</request><GetRecord><record><header><identifier>oai:riubu.ubu.es:10259/7682</identifier><datestamp>2025-06-04T11:13:52Z</datestamp><setSpec>com_10259_3844</setSpec><setSpec>com_10259_5086</setSpec><setSpec>com_10259_2604</setSpec><setSpec>col_10259_7686</setSpec><setSpec>col_10259_5684</setSpec></header><metadata><record xmlns="http://www.loc.gov/MARC21/slim" xmlns:doc="http://www.lyncode.com/xoai" xmlns:xsi="http://www.w3.org/2001/XMLSchema-instance" xmlns:dcterms="http://purl.org/dc/terms/" xsi:schemaLocation="http://www.loc.gov/MARC21/slim http://www.loc.gov/standards/marcxml/schema/MARC21slim.xsd">
<leader>00925njm 22002777a 4500</leader>
<datafield tag="042" ind1=" " ind2=" ">
<subfield code="a">dc</subfield>
</datafield>
<datafield tag="720" ind1=" " ind2=" ">
<subfield code="a">Hernández Muñoz, Sheila</subfield>
<subfield code="e">author</subfield>
</datafield>
<datafield tag="720" ind1=" " ind2=" ">
<subfield code="a">García, Lydia</subfield>
<subfield code="e">author</subfield>
</datafield>
<datafield tag="720" ind1=" " ind2=" ">
<subfield code="a">Pérez Estébanez, Martín</subfield>
<subfield code="e">author</subfield>
</datafield>
<datafield tag="720" ind1=" " ind2=" ">
<subfield code="a">Cheuquepan Valenzuela, William</subfield>
<subfield code="e">author</subfield>
</datafield>
<datafield tag="720" ind1=" " ind2=" ">
<subfield code="a">Heras Vidaurre, Aránzazu</subfield>
<subfield code="e">author</subfield>
</datafield>
<datafield tag="720" ind1=" " ind2=" ">
<subfield code="a">Colina Santamaría, Álvaro</subfield>
<subfield code="e">author</subfield>
</datafield>
<datafield tag="260" ind1=" " ind2=" ">
<subfield code="c">2023-05-16</subfield>
</datafield>
<datafield tag="520" ind1=" " ind2=" ">
<subfield code="a">A new, simple and fast protocol to generate gold-based SERS substrates is presented in this work. Melamine is a compound widely used in the industry that can be toxic for humans if consumed even in low concentrations. EC-SERS is an excellent alternative to classical methods to detect and quantify this compound because Raman spectroscopy provides a fingerprint of the molecules, providing very good sensitivity. In this work, time-resolved Raman spectroelectrochemistry is employed to generate a SERS substrate and to detect melamine, all in a single experiment. The dynamic character of this technique provides valuable information about the interaction of the molecule with the generated substrate. An optimization of the spectroelectrochemical method based on a multi-pulse amperometric detection has been performed. The new protocol presented in this work shows significant figures of merit in a very short experiment time, just 25 s.</subfield>
</datafield>
<datafield tag="024" ind2=" " ind1="8">
<subfield code="a">Hernández Muñoz, Sheila; Garcia, Lydia; Pérez Estébanez, Martín; Cheuquepan Valenzuela, William, Heras Vidaurre, Aránzazu; Colina Santamaría, Álvaro; 2023; Dataset of the work “Multiamperometric-SERS detection of melamine on gold screen-printed electrodes”; RIUBU; http://doi.org/10.71486/km66-0659</subfield>
</datafield>
<datafield tag="024" ind2=" " ind1="8">
<subfield code="a">http://hdl.handle.net/10259/7682</subfield>
</datafield>
<datafield tag="024" ind2=" " ind1="8">
<subfield code="a">10.71486/km66-0659</subfield>
</datafield>
<datafield ind1=" " ind2=" " tag="653">
<subfield code="a">EC-SERS</subfield>
</datafield>
<datafield ind1=" " ind2=" " tag="653">
<subfield code="a">Gold-electrodes</subfield>
</datafield>
<datafield ind1=" " ind2=" " tag="653">
<subfield code="a">Time-resolved spectroelectrochemistry</subfield>
</datafield>
<datafield ind1=" " ind2=" " tag="653">
<subfield code="a">Raman</subfield>
</datafield>
<datafield ind1=" " ind2=" " tag="653">
<subfield code="a">Melamine</subfield>
</datafield>
<datafield tag="245" ind1="0" ind2="0">
<subfield code="a">Dataset of the work “Multiamperometric-SERS detection of melamine on gold screen-printed electrodes”</subfield>
</datafield>
</record></metadata></record></GetRecord></OAI-PMH>